000 00625nam a22002177a 4500
003 UA-OsUOA
001 127093
007 ta
008 20171120b un ||||| |||| 00| 0 ukr d
100 _aМанько М.
090 _a908
_bМ24
942 _cSA
040 _aUA-OsUOA
_bukr
_cUA-OsUOA
_dUA-OsUOA
245 _aГерцоги Лейхтнберзькі - нащадки пасинка Наполеона, баварських королів і князів Острозьких
300 _aС.8
955 _a0
041 _aukr
080 _a908
773 0 _w127092
650 7 _a908 Краєзнавство
_2UDC
999 _c414850
_d414850